LEADER 00783nam a2200205 i 4500 001 000000034720 003 CaOOAMICUS 005 20150312000000.0 008 150312s1983 it u000 u ita u 013 $a1534 040 $aSeMil$bita 245 10$aCommento ai capp. 1,1-9,50. 300 $a921 p. 490 0 $aCommentario teologico del Nuovo Testamento [Paideia] ;$v3.1 773 0 $aSchürmann, Heinz$tVangelo di Luca.$dBrescia : Paideia, 1983-1998-$g1$w()916 830 0$aCommentario teologico del Nuovo Testamento ;$v3.1.$0(OLS)http://semarc/title/90 850 $aSeMil 852 $aSeMil$W1$xVenegono$y1$m2Z VII 67$j251744$B875$CSeMilBibl$Z2$F875 $81 961 $aAcquisto: Casa editrice 996 $6245$aCommento ai capp. 1,1-9,50$9(OLS)http://semarc/title/47106 LEADER 01124nam a2200265 i 4500 001 000000182965 003 CaOOAMICUS 005 20091103000000.0 008 091103s1956 it u000 u fre u 013 $a160926 040 $aSeMil$bita 100 1 $aRovan, Joseph <1918-2004>.$0(OLS)http://semarc/name/67383 245 13$aLe catholicisme politique en Allemagne /$cJoseph Rovan ; préface d' Henri Marrou. 260 $aParis :$bEd. du Seuil,$ccopyr. 1956. 300 $a288 p. 490 0 $aEsprit 490 0 $aEsprit. La cité prochaine 700 1 $aMarrou, Henri-Irénée,$d<1904-1977>.$0(OLS)http://semarc/name/258 773 0 $tHistoire de la Démocratie Chrétienne.$dParis : Ed. du Seuil, 1956.$g2$w()22285 830 0$aEsprit.$0(OLS)http://semarc/title/9271 830 0$aEsprit. La cité prochaine.$0(OLS)http://semarc/title/18487 850 $aSeMil 852 $aSeMil$W1$xVenegono$y1$m3E II 144$j133669$B133669$CSeMilBibl$Z2$F145421 $81 996 $6245$aLe catholicisme politique en Allemagne$9(OLS)http://semarc/title/262583 996 $6260$aParis :$bEd. du Seuil$9(OLS)http://semarc/publisher/30152 LEADER 00657nam a2200193 i 4500 001 000000238666 003 CaOOAMICUS 005 20150209000000.0 008 150209s1852 it u000 u ita u 013 $a217571 040 $aSeMil$bita 245 10$aTomo 2. 300 $a311 p., [1] c. di tav. :$bill. 773 0 $aDandolo, Tullio <1801-1870>$tSecoli dei due sommi italiani Dante e Colombo.$dMilano : Borroni e Scotti, 1852.$g2$w()31354 850 $aSeMil 852 $aSeMil$W1$xVenegono$y1$m3D I 80 FA$j189012$B189012$CSeMilBibl$Z2$F199759 $8I 941 1 $a10 961 $aRecupero: Mantegazza 996 $6245$aTomo 2$9(OLS)http://semarc/title/49331